000 00638nam a22002297a 4500
003 UA-OsUOA
001 43279
007 ta
008 20090601b un ||||| |||| 00| 0 ukr d
090 _a082
_bУ45
942 _cBK
040 _aUA-OsUOA
_bukr
_cUA-OsUOA
_dUA-OsUOA
245 _aУкраїнський вимір
_bЗбірник матеріалів Міжнародної конференції
300 _a218 с.
955 _a1
041 _aukr
080 _a082
260 _aНіжин
_c2007
246 3 1 _aВипуск шостий
650 7 _a08 Видання. Колективні праці
_2UDC
999 _c441756
_d441756